00944cam a2200253 a 4500001001000000005001700010008004100027010001400068020002600082035001300108037001500121040001800136082001300154100002400167245006800191260003300259300002500292520014100317650002900458650003400487942002700521999001700548952012500565ENG-9080220080616095959.0080828t xxu||||| |||| 00| 0 eng d aENG-90802 a9788172734107c475.00 aEN-74335 bDBAD / PUB aDPLbEnglish  a686.2203 aTripathy, Manorajan aDictionary of printing and typography /cby Manoranjan Tripathy aDelhi :bAuthorspress,c2007 a212 p. c24 cm (Hb)  aContributed papers presented at a seminar organized by Centre for Central Eurasian Studies, University of Mumbai in February-March 2005. aPrinting xDictionaries. aGraphic designxDictionaries. 2ddccENmTRIh686.2203 c15194d15194 001040718NFICaDBADbDBADd2008-08-28g475.00l0o686.2203 TRIpEN-74335r2008-09-15 00:00:00v475.00w2008-09-15yEN